000 00471 a2200169 4500
003 OSt
005 20260306134131.0
008 260306b |||||||| |||| 00| 0 eng d
040 _coclc
082 _a894.8123
_bKAL/K
100 _aKalayath, Naseef
_910616
245 _aKHADEEJA /
_cNaseef Kalayath
250 _a19th Ed.
260 _aKottayam:
_bD C Books.
_c2025,
300 _a126 pages
942 _2ddc
_cBK
_h894.8123
_iKAL/K
_k894.8123
_mKAL/K
999 _c44644
_d44644